000 005710000a22002170004500
003 LK-CoMWRAF
005 20230915190551.0
008 230817t1990 ||||| |||| 00| 0 eng d
040 _aLK-CoMWRAF
_dLK-CoMWRAF
_eLK-CoMWRAF
041 _aeng
082 _a297.19
_bLAR
100 _aLari, Sayyid Mujtaba Musari
245 _aYouth and morals
260 _aIran
_bIslamic culture development office,
_c1990
300 _a235p
650 _aIslam and social problems
650 _aSociology
650 _aIslam
700 _aMuhawesh, Odeh A.
_etrans.
942 _cBK
999 _c1127
_d1127